| 000 | 00480nam a2200157 4500 | ||
|---|---|---|---|
| 001 | 138132 | ||
| 003 | ES-MaACL | ||
| 005 | 20230906195517.0 | ||
| 007 | t| | ||
| 008 | 070214s1952 sp r ||||1| spa d | ||
| 100 | 1 |
_aSánchez Ramos, Francisco. _9102868 |
|
| 245 | 1 | 0 |
_aApuntes de Economía Política / _cpor el prof. Dr. Francisco Sánchez Ramos. |
| 260 |
_aMadrid : _b[s. n.], _c1952 ( _fArtes Gráf. Mag) |
||
| 300 |
_a358 p. ; _c21 cm. |
||
| 852 |
_aES-MaACL _jC-5664 _bR.34770 |
||
| 999 |
_c138132 _d138132 |
||